000 00662cab a2200205 4500
001 WB2417-16
008 090401t1988 xxu||||| |||| 00| 0 eng d
035 _a(Sirsi) u91940
041 _aeng
245 _aSale of land
260 _c1988
350 _a0
490 _aEGCS
_v1988 50
520 _aIt was held in William Cowlin (Holdings) Ltd v Caractacus Properties Ltd CA 14 April 1988, dismissing the defendants` appeal, that there was no enforceable contract and that the land charge should be vacated.
650 _aALPENSTOW LTD V REGALIAN PROPERTIES PLC
650 _aSUBJECT TO CONTRACT
690 _aLAND
942 _n0
948 _c04/03/1997
999 _c58301
_d58301